APA Diccionario conciso de psicología (Record no. 36372)

MARC details
000 -LEADER
fixed length control field 00761nam a22002057a 4500
005 - DATE AND TIME OF LATEST TRANSACTION
control field 20150124124315.0
008 - FIXED-LENGTH DATA ELEMENTS--GENERAL INFORMATION
fixed length control field 130408t mx||||| |||| 00| 0 spa d
020 ## - INTERNATIONAL STANDARD BOOK NUMBER
International Standard Book Number 9786074480603
050 04 - LIBRARY OF CONGRESS CALL NUMBER
Classification number BF31
Item number A63 2010
245 00 - TITLE STATEMENT
Title APA Diccionario conciso de psicología
Statement of responsibility, etc / editor Santiago Viveros Fuentes ; traducido por José Luis Núñez Herrejón, María Elena Ortiz Salinas
250 ## - EDITION STATEMENT
Edition statement 1a ed.
260 ## - PUBLICATION, DISTRIBUTION, ETC. (IMPRINT)
Place of publication, distribution, etc México :
Name of publisher, distributor, etc Manual Moderno,
Date of publication, distribution, etc 2010
300 ## - PHYSICAL DESCRIPTION
Extent xi, 587 p. ;
Dimensions 23 cm.
500 ## - GENERAL NOTE
General note Traducción de : APA concise dictionary of psychology
650 #7 - SUBJECT ADDED ENTRY--TOPICAL TERM
Source of heading or term LEMB
Topical term or geographic name as entry element Psicología
Form subdivision Diccionarios
700 1# - ADDED ENTRY--PERSONAL NAME
Personal name Viveros Fuentes, Santiago
Relator term ed.
700 1# - ADDED ENTRY--PERSONAL NAME
Personal name Núñez Herrejón, José Luis
Relator term tr.
700 1# - ADDED ENTRY--PERSONAL NAME
Personal name Ortiz Salinas, María Elena
Relator term tr.
942 ## - ADDED ENTRY ELEMENTS (KOHA)
Source of classification or shelving scheme Biblioteca del Cogreso de los Estados Unidos
Koha item type Libro
Holdings
Estado de pérdida Fuente de clasificación Estado del daño No para préstamo Ubicación permanente Ubicación actual Apartado o colección Fecha de adquisición Fuente de adquisición Área del conocimiento Clasificación Código de Barras Date last seen Número de copia Tipo de recurso
  Biblioteca del Cogreso de los Estados Unidos     Biblioteca Campus Ciudad Hidalgo Biblioteca Campus Ciudad Hidalgo Consulta 08/04/2013     BF31 A63 2010 BCCH000000580 16/01/2015 1 Libro
  Biblioteca del Cogreso de los Estados Unidos     Biblioteca Campus Ciudad Hidalgo Biblioteca Campus Ciudad Hidalgo Consulta 08/04/2013     BF31 A63 2010 BCCH000000581 16/01/2015 2 Libro